000 02399cam a22002655a 4500
001 L123214
008 030806s2005 xxk f 001 0 eng u
020 _a1859417485
_a9781859417485
035 _a(Sirsi) u123214
041 0 _aeng
050 0 4 _a711.026 $2 18
100 1 _aBlackhall, James Cameron
245 0 0 _aPlanning law and practice
250 _a3rd ed.
260 _aAbingdon
_bCavendish
_c2003
300 _alxiii, 448p.
_c24cm.
505 2 _aDevelopment of planning law and practice -- Central and local government -- The new development plan structure -- Other plans and development agencies -- Legal challenges to the development plan -- Development -- Challenges to the meaning of development -- Challenges to the use classes order -- Town and country planning (general permitted development) order 1995 and local development orders -- Legal challenges to the content of the town and country planning (general permitted development) order 1995 -- Planning applications -- Legal challenges to the consideration of planning applications -- Nature and scope of planning permission -- Planning obligations -- Appeals relating to planning applications -- Legal challenges to the secretary of state's decision-making -- Enforcement -- Enforcement appeals and legal challenges -- Listed buildings and conservation areas -- Legal challenges to listed buildings and conservation areas -- Trees and hedgerows -- Case law in relation to tree preservation orders and compensation -- Advertisements -- Rural areas -- Caravans and caravan sites -- Minerals and waste disposal -- Compulsory purchase and compensation -- Public involvement -- Non-planning controls
520 _aCovers all aspects of planning law and its interpretations in the courts. This edition is extensively updated and incorporates the Planning and Compulsory Purchase Act 2004. Deals with planning applications and law, enterprise zones and urban development, caravan sites, Town and Country Planning (Use Classes) Orders and compulsory purchase and compensation. Case law is examined. Also outlines European legislation, non-planning controls and public investment.
590 _aKA
650 2 4 _aTOWN AND COUNTRY PLANNING ACT 1990
650 2 4 _aPLANNING AND COMPULSORY PURCHASE ACT 2004
651 4 _aUnited Kingdom
_y
690 _aENVIRONMENTAL AND LAND CONSULTANCY-PLANNING AND DEVELOPMENT
942 _n0
999 _c103018
_d103018